| 000 | 00827nam a2200301 a 4500 | ||
|---|---|---|---|
| 003 | AR-BaBNM | ||
| 005 | 20251128204910.0 | ||
| 008 | 082120s2002 ||||||||||||||000 | spa|| | ||
| 020 | _a84-277-0714-2 | ||
| 040 | _cAR-BaBNM | ||
| 100 | 1 | _aDíaz, Carmen | |
| 245 | 0 | 0 |
_aLa creatividad en la expresión plástica _bpropuestas didácticas y metodológicas |
| 260 |
_aMadrid _bNarcea _c1986 |
||
| 300 |
_a144 p. _bgráfs., il. |
||
| 490 | 0 | _aEducación hoy | |
| 504 | _aBibliografía: p. 143-144 | ||
| 600 | 1 | 4 | _aPiaget, Jean |
| 650 | 4 | _aCREATIVIDAD | |
| 650 | 4 | _aEDUCACION ARTISTICA | |
| 650 | 4 | _aEDUCACION ESTETICA | |
| 650 | 4 | _aARTES PLASTICAS | |
| 650 | 4 | _aPENSAMIENTO CREADOR | |
| 650 | 4 | _aMETODOS DE ENSEÑANZA | |
| 650 | 4 | _aDIDACTICA | |
| 650 | 4 | _aEVALUACION OPERACIONAL | |
| 942 | _cBK | ||
| 998 | _cGrace | ||
| 999 |
_c9252 _d9252 |
||